Microestimation of sulfur:In plant materials, soils and irrigation waters (Record no. 45331)

MARC details
000 -LEADER
fixed length control field 00374nam a2200133Ia 4500
100 ## - MAIN ENTRY--AUTHOR NAME
Personal name Johnson C M
245 #0 - TITLE STATEMENT
Title Microestimation of sulfur:In plant materials, soils and irrigation waters
260 ## - PUBLICATION, DISTRIBUTION, ETC. (IMPRINT)
Name of publisher Analytical Chemistry
Year of publication 1952
300 ## - PHYSICAL DESCRIPTION
Number of Pages 736-742
650 ## - SUBJECT ADDED ENTRY--TOPICAL TERM
Topical Term Microestimation
700 ## - ADDED ENTRY--PERSONAL NAME
Personal name Nishita Hideo
942 ## - ADDED ENTRY ELEMENTS (KOHA)
Koha item type Reprints
Holdings
Withdrawn status Lost status Damaged status Not for loan Home library Current library Shelving location Date acquired Serial Enumeration / chronology Accession Number Koha item type
      Reprints RRII Library RRII Library Agronomy 22/12/2021 Volume 24, Issue 4 P01482 Reprints